1820 1684 1722 1859 1899 1771 1567 1617 1445 1209 1451 1375 1274 1116 1996 1786 1418 1421 1909 1698 1562 1617 1983 1069 1093 1077 1881 1926 1540 1074 1809 1350 1330 1366 1051 1044 1532 1742 1897 1944 1090 1535 1472 1126 1502 1548 1061 1537 1670 1629 1968 1334 1336 1014 1887 1223 1979 1950 1217 1462 1277 1030 1908 1730 1470 1298 1032 1938 1708 1602 1911 1573 1583 1339 1598 1520 1812 1214 1117 1297 1302 1025 1227 1705 1916 1531 1131 1715 1625 1515 1855 1098 1585 1385 1256 1289 1277 1895 1277 BCNSPRNW ULIB Ver.6.0+V

เปลี่ยนเป็นภาษาไทย

Change to English
 แสดงรายละเอียดบรรณานุกรม
  กลับหน้าหลัก

Brief Record : Get Marc (ISO 2709) : E-mail record : QR code < ปิดหน้าต่าง
LEADER : 00000nam 2200000uu 4500
001    13399124715
003     ULIB
008    160125s2558||||th 000 0 tha d
099    วจ.WD210^bช166ก
100 0  ชมนาด วรรณพรศิริ และนิยม เล็กชูผล
245 00 การพัฒนารูปแบบการป้องกันภาวะเมตาโบลิกที่สอดคล้องกับวิถีชีวิตของประชาชนวัยผู้ใหญ่ในชนบทไทย/^cชมนาด วรรณพรศิริ และนิยม เล็กชูผล
246 0  Model development of metabolic syndrome prevention congruence with Thai adult lifestyle
260    พิษณูโลก:^b,มหาวิทยาลัยนเรศวร,^c2558.
300    158 หน้า
650  7 โรคอ้วน
650  7 ภาวะเมตาโบลิก
650  7 วัดรอบเอว
945    ^p0^l0^i000264
945    ^p0^l0^i001899
945    ^p0^l0^i001402
999    ^aเกษร โพธิ์สุวรรณ
รายการนี้ยังไม่มีแท็ก
คุณยังไม่ได้ล็อกอิน คุณสามารถมีกิจกรรมร่วมกับเว็บไซต์ได้ แต่ต้องล็อกอินก่อน ::
  ล็อกอิน

รายการสื่อสารสนเทศ

ลำดับที่ ประเภท เลขเรียก/บาร์โค้ด สถานที่ สถานะ
1. งานวิจัย
งานวิจัย
วจ.WD210 ช166ก ฉ.1 
  Barcode: 000264
ห้องสมุดวิทยาเขตสวรรค์ประชารักษ์
►วิจัย
บนชั้น
2. งานวิจัย
งานวิจัย
วจ.WD210 ช166ก ฉ.2 
  Barcode: 001899
ห้องสมุดวิทยาเขตสวรรค์ประชารักษ์
►วิจัย
บนชั้น
3. งานวิจัย
งานวิจัย
วจ.WD210 ช166ก ฉ.3 
  Barcode: 001402
ห้องสมุดวิทยาเขตสวรรค์ประชารักษ์
►วิจัย
บนชั้น

รายการใกล้เคียง
    หัวเรื่อง [โรคอ้วน]

BibComment


ยังไม่เคยถูกคอมเมนท์

คอมเมนท์ทรัพยากรรายการนี้
  คอมเมนท์: การพัฒนารูปแบบการ..


 Copyright 2026. Bcnsprnw @Library